000 00747nam a22002177a 4500
999 _c9481
_d9481
001 9481
003 OSt
005 20180521101728.0
008 180315b1962 bg ||||| |||| 00| 0 ben d
035 _a(BD-JhCC)9481
040 _aBD-JhCC
_dBD-JhCC
041 _aben
082 _a320
_bMIA 1962
100 _aমিঞা, অধ্যাপক নূর মোহাম্মদ
245 _aদি প্রিন্স :
_b নিকোলো ম্যাকিয়্যাভেলী /
_cঅধ্যাপক নূর মোহাম্মদ মিঞা
260 _aঢাকা :
_bবাংলা একাডেমী
_c1962.
300 _a136 p. :
_c22 cm.
650 _aPolitical Science
942 _2ddc
_cBK